000 00640nam a2200277Ia 4500
005 20260324120206.0
008 008 260324s9999 xx 000 0 eng d
020 _a9780429091049
037 _aEBOOK
040 _aCRL
040 _beng
040 _cCRL
041 _2eng
041 _aeng
084 _qCRL
100 _aAl-Sakib Khan Pathan
_91151822
245 0 _aSecuring Cyber-Physical Systems
260 _bTaylor and Francis
260 _c2015
365 _a
365 _b260
856 _uhttp://www.taylorfrancis.com/books/9780429091049
942 _cEBOOK
999 _c1748994
_d1748994